[Event "SR 3. liga A2 2016/2017"]
[Site "?"]
[Date "2017.02.05"]
[Round "8.6"]
[White "Kovarik, Oto"]
[Black "Vlkovic, Pavol"]
[Result "0-1"]
[WhiteElo "1769"]
[BlackElo "1777"]
[PlyCount "122"]
[EventDate "2016.??.??"]

1. e4 Nf6 2. e5 Nd5 3. c4 Nb6 4. d4 d6 5. exd6 cxd6 6. Nc3 g6 7. Be3 Bg7 8. h3
O-O 9. Be2 Nc6 10. Nf3 Nd7 11. O-O Nf6 12. d5 Nb8 13. Rc1 Na6 14. a3 Nc5 15. b4
Ncd7 16. c5 Ne8 17. Bd4 f6 18. Ne1 Ne5 19. f4 Nf7 20. Bd3 Nh6 21. Qc2 Nf5 22.
Bf2 Bh6 23. g3 e5 24. dxe6 Bxe6 25. Ne4 d5 26. Nc3 Rc8 27. Qe2 Nfg7 28. g4 Bxf4
29. Rd1 Nc7 30. Nf3 Re8 31. Rde1 Bxg4 32. hxg4 Rxe2 33. Nxe2 Be5 34. Bg3 Bxg3
35. Nxg3 Qd7 36. Nh2 Re8 37. Kg2 Re6 38. Kf3 Qe7 39. Kf2 Kf7 40. Nf3 Rxe1 41.
Rxe1 Qd7 42. g5 Qa4 43. Re3 Nge6 44. gxf6 Kxf6 45. Be2 Nf4 46. Nd4 Nxe2 47.
Ngxe2 Qd7 48. Rf3+ Kg7 49. Kg3 Ne6 50. Nxe6+ Qxe6 51. Kf2 Qe4 52. Re3 Qh4+ 53.
Ng3 h5 54. Kg2 Qg5 55. Kf3 h4 56. Nh1 h3 57. Re2 d4 58. Ng3 d3 59. Re1 d2 60.
Rd1 Qd5+ 61. Kf2 Qg2+ 0-1

[Event "SR 3. liga A2 2016/2017"]
[Site "?"]
[Date "2017.02.05"]
[Round "8.6"]
[White "Hornak, Pavol"]
[Black "Vach, Jozef"]
[Result "1/2-1/2"]
[WhiteElo "1825"]
[BlackElo "1706"]
[PlyCount "132"]
[EventDate "2016.??.??"]

1. d4 d5 2. c4 c6 3. Nf3 Nf6 4. e3 Bg4 5. h3 Bh5 6. Be2 e6 7. O-O Nbd7 8. b3
Ne4 9. Bb2 Bd6 10. Nc3 Ndf6 11. Nxe4 Nxe4 12. Nd2 Bxe2 13. Qxe2 Nxd2 14. Qxd2
O-O 15. Rfc1 f5 16. f4 Rf6 17. g3 Rh6 18. h4 Rg6 19. Kf2 Be7 20. Rh1 Rh6 21.
Rag1 Qe8 22. Qe2 Qf7 23. Bc3 Rc8 24. c5 Bd8 25. b4 a6 26. a4 Qe8 27. Rb1 Rf6
28. b5 axb5 29. axb5 Rf7 30. b6 Bf6 31. Ra1 Rd7 32. Ra7 Qf7 33. g4 fxg4 34.
Qxg4 Rcd8 35. Ke2 h5 36. Qg3 Kh7 37. Rha1 Qg6 38. Qxg6+ Kxg6 39. Be1 Kf5 40.
Kf3 Kg6 41. Bf2 Rf7 42. Rg1+ Kf5 43. Bg3 g6 44. Rga1 Bg7 45. Bf2 Rg8 46. Ke2
Ke4 47. Rg1 Kf5 48. Rg5+ Kf6 49. Ra1 Bh6 50. Rg2 Rfg7 51. Bg3 Rf8 52. Ra7 Re7
53. Bh2 Kf5 54. Kf3 Rd7 55. Rga2 Re8 56. R2a3 Rg8 57. Ra1 Rf8 58. Rg1 Re8 59.
Ra2 Rdd8 60. Ra7 Rd7 61. Rga1 Bg7 62. Ra8 Rdd8 63. Rxd8 Rxd8 64. Ra7 Rb8 65.
Bg3 Bf6 66. Bf2 Be7 1/2-1/2

[Event "SR 3. liga A2 2016/2017"]
[Site "?"]
[Date "2017.02.19"]
[Round "9.1"]
[White "Liptak, Dusan"]
[Black "Spacek, Oliver"]
[Result "0-1"]
[WhiteElo "2124"]
[BlackElo "2172"]
[PlyCount "42"]
[EventDate "2016.??.??"]

1. d4 Nf6 2. c4 c5 3. d5 b5 4. cxb5 a6 5. e3 g6 6. Nc3 Bg7 7. Nf3 O-O 8. e4 d6
9. h3 axb5 10. e5 dxe5 11. Bxb5 e4 12. Ne5 Bb7 13. Nc6 Qc7 14. Nxb8 Raxb8 15.
Bc4 Rfd8 16. Qe2 Nxd5 17. Nxe4 Nf4 18. Bxf4 Qxf4 19. Nxc5 Bxg2 20. Rg1 Rxb2 21.
Bxf7+ Kh8 0-1

[Event "SR 3. liga A2 2016/2017"]
[Site "?"]
[Date "2017.02.19"]
[Round "9.1"]
[White "Ocko, Martin"]
[Black "Kovacocy, Pavel"]
[Result "1/2-1/2"]
[WhiteElo "1947"]
[BlackElo "2241"]
[PlyCount "129"]
[EventDate "2016.??.??"]

1. c4 g6 2. Nc3 Bg7 3. g3 d6 4. Bg2 Nf6 5. e4 c6 6. Nge2 e5 7. O-O h5 8. h4 Ng4
9. d4 exd4 10. Nxd4 Qf6 11. Nf3 Bh6 12. Bxh6 Nxh6 13. Qd4 Qxd4 14. Nxd4 Ke7 15.
Rfe1 f6 16. f4 Nf7 17. Kf2 Na6 18. Rad1 Bg4 19. Bf3 Bd7 20. Nb3 Rag8 21. Nc1
Bc8 22. Nd3 Rd8 23. a3 Kf8 24. b4 Be6 25. Nb2 Kg7 26. Ne2 Nc7 27. Nc3 g5 28.
Rh1 g4 29. Bg2 Rhe8 30. Rhe1 Bd7 31. Ne2 a5 32. Nd4 Ra8 33. Ra1 Ra7 34. Na4 c5
35. Nb6 cxd4 36. Nxd7 axb4 37. axb4 Rea8 38. Rxa7 Rxa7 39. e5 fxe5 40. fxe5
dxe5 41. Nxe5 Ra2+ 42. Kg1 Nxe5 43. Rxe5 Kf6 44. Ra5 Rb2 45. Bf1 Rxb4 46. Rxh5
Rb3 47. Kf2 Rf3+ 48. Kg2 d3 49. Rh7 Ne6 50. Rxb7 Nc5 51. Rb8 d2 52. Be2 Re3 53.
Bxg4 Ne4 54. Bh5 Rxg3+ 55. Kf1 Rh3 56. Rd8 Rxh4 57. Bf3 Rf4 58. Kg2 Ng5 59. Be2
Ne4 60. Bf3 Ng5 61. Be2 Ne4 62. Bd3 Ke5 63. Rd5+ Ke6 64. Bxe4 Rxe4 65. Rxd2
1/2-1/2

[Event "SR 3. liga A2 2016/2017"]
[Site "?"]
[Date "2017.02.19"]
[Round "9.1"]
[White "Cechovic, Stefan"]
[Black "Danada, Ondrej"]
[Result "1/2-1/2"]
[WhiteElo "2123"]
[BlackElo "1901"]
[PlyCount "37"]
[EventDate "2016.??.??"]

1. Nf3 g6 2. d4 Bg7 3. c4 Nf6 4. Nc3 d5 5. e3 O-O 6. Bd3 c5 7. dxc5 dxc4 8.
Bxc4 Qa5 9. O-O Qxc5 10. Qe2 Nc6 11. h3 Ne5 12. Nxe5 Qxe5 13. e4 Be6 14. Bd3
Rfd8 15. Rd1 Nh5 16. Qf3 Rac8 17. Bb5 Nf6 18. Qe2 a6 19. Bd3 1/2-1/2

[Event "SR 3. liga A2 2016/2017"]
[Site "?"]
[Date "2017.02.19"]
[Round "9.1"]
[White "Sadlon, Juraj"]
[Black "Sarmir, Milos"]
[Result "1-0"]
[WhiteElo "1873"]
[BlackElo "2071"]
[PlyCount "86"]
[EventDate "2016.??.??"]

1. e4 e5 2. Nf3 Nc6 3. Bb5 a6 4. Ba4 Nf6 5. O-O Be7 6. Re1 b5 7. Bb3 d6 8. c3
O-O 9. d3 Na5 10. Bc2 c5 11. Nbd2 Qc7 12. Nf1 b4 13. Ng3 bxc3 14. bxc3 Nc6 15.
Nh4 Nxe4 16. Rxe4 f5 17. Ngxf5 Bxf5 18. Nxf5 Rxf5 19. Bb3+ Kh8 20. Be6 Rf6 21.
Bd5 Raf8 22. f3 Nd8 23. Rb1 Rg6 24. Ra4 Qa7 25. Be3 Bg5 26. Bf2 Rh6 27. Qb3 Bf4
28. g3 Qd7 29. gxf4 Qh3 30. Bg3 Rg6 31. Kf2 Rxg3 32. hxg3 Qh2+ 33. Kf1 Qxg3 34.
Qb2 exf4 35. Qg2 Qh4 36. Ke2 Qf6 37. Kd2 Qe5 38. c4 Qe3+ 39. Kc2 Re8 40. Rb2
Qd4 41. Rxa6 g6 42. Rxd6 Ne6 43. Rxe6 Rxe6 1-0

[Event "SR 3. liga A2 2016/2017"]
[Site "?"]
[Date "2017.02.19"]
[Round "9.1"]
[White "Vlkovic, Pavol"]
[Black "Skapik, Branislav"]
[Result "1/2-1/2"]
[WhiteElo "1777"]
[BlackElo "1822"]
[PlyCount "151"]
[EventDate "2016.??.??"]

1. e4 d5 2. exd5 Nf6 3. Bb5+ Bd7 4. Bc4 b5 5. Bb3 Bg4 6. f3 Bc8 7. Qe2 Ba6 8.
d3 Nxd5 9. Nc3 Nxc3 10. bxc3 e6 11. Nh3 Be7 12. O-O O-O 13. a4 Bf6 14. Qe4 Nd7
15. Qc6 Bxc3 16. Qxc3 c5 17. axb5 Bxb5 18. Bg5 Qb6 19. Kh1 Rac8 20. Rfb1 a6 21.
Qe1 Qd6 22. Nf2 h6 23. Bh4 c4 24. dxc4 Bxc4 25. Rd1 Bd5 26. c4 Qb6 27. Ba4 Bc6
28. Ne4 Bxa4 29. Rxa4 Qc6 30. Qa5 Nb6 31. Raa1 Nxc4 32. Qa2 Ne3 33. Rg1 Nf5 34.
Bf2 Ra8 35. Rab1 Rfc8 36. Rb6 Qc4 37. Qxc4 Rxc4 38. Ra1 a5 39. Rb7 h5 40. h3 h4
41. g4 hxg3 42. Bxg3 Rxe4 43. fxe4 Nxg3+ 44. Kh2 Nxe4 45. Rf1 Nd6 46. Rd7 Nf5
47. Rc1 Rb8 48. Rc2 Rb4 49. Ra7 a4 50. Ra2 g6 51. R2xa4 Rxa4 52. Rxa4 Kg7 53.
Kg2 g5 54. Kf3 Kg6 55. Ke4 Kf6 56. Kf3 Ne7 57. h4 gxh4 58. Rxh4 Ng6 59. Ra4 Nf8
60. Ke3 e5 61. Kf3 Ne6 62. Ke3 Nf8 63. Ra1 Nd7 64. Rf1+ Ke6 65. Ra1 f5 66. Ra6+
Kd5 67. Ra5+ Nc5 68. Ra1 f4+ 69. Kf3 Nb7 70. Ra7 Nd6 71. Ra5+ Kd4 72. Ra1 Kd5
73. Ra5+ Ke6 74. Ra6 Kd7 75. Ra5 Nf7 76. Rxe5 1/2-1/2

[Event "SR 3. liga A2 2016/2017"]
[Site "?"]
[Date "2017.02.19"]
[Round "9.1"]
[White "Pericka, Pavol"]
[Black "Hornak, Pavol"]
[Result "1/2-1/2"]
[WhiteElo "1797"]
[BlackElo "1825"]
[PlyCount "152"]
[EventDate "2016.??.??"]

1. e4 c5 2. Bc4 e6 3. Qe2 Nc6 4. Nf3 Na5 5. Nc3 Nxc4 6. Qxc4 a6 7. a4 d6 8. d4
cxd4 9. Nxd4 Bd7 10. O-O Rc8 11. Qe2 Be7 12. Nf3 Qc7 13. Bf4 e5 14. Be3 Nf6 15.
Rfc1 O-O 16. h3 h6 17. Nh2 Be6 18. Ng4 Nxg4 19. hxg4 Qd7 20. f3 Qc6 21. g3 Rfe8
22. Kg2 d5 23. exd5 Bxd5 24. Nxd5 Qxd5 25. Rd1 Qc4 26. Rd2 Qxe2+ 27. Rxe2 Bc5
28. Bd2 Red8 29. Bc3 f6 30. Rae1 b5 31. axb5 axb5 32. b3 Ba3 33. Ba5 Rd5 34.
Ra1 b4 35. Bb6 Rd6 36. Be3 Bb2 37. Ra2 Bc3 38. Kf2 Rdd8 39. Bc1 Rd1 40. Bb2
Rcd8 41. Bxc3 bxc3 42. Ke3 Rg1 43. Ra7 Rdd1 44. Rc7 Rxg3 45. Rxc3 Rf1 46. Rf2
Re1+ 47. Kd2 Rgg1 48. Kd3 Rd1+ 49. Rd2 Rdf1 50. Ke4 Kf7 51. Rcd3 Kg6 52. c4
Re1+ 53. Kd5 Ra1 54. Rc2 Ra8 55. c5 Rd8+ 56. Kc4 Rb8 57. b4 e4 58. fxe4 Rxg4
59. Rd4 Kf7 60. b5 f5 61. exf5 Rxd4+ 62. Kxd4 Rxb5 63. Kd5 Kf6 64. Rg2 h5 65.
Rg6+ Kxf5 66. Rxg7 h4 67. Kd6 Rb3 68. c6 Rd3+ 69. Ke7 Rc3 70. Kd7 Rd3+ 71. Ke7
Rc3 72. c7 h3 73. Kd8 Rd3+ 74. Rd7 Rc3 75. c8=Q Rxc8+ 76. Kxc8 Kg4 1/2-1/2

[Event "SR 3. liga A2 2016/2017"]
[Site "?"]
[Date "2017.02.19"]
[Round "9.1"]
[White "Kavuljak, Alojz"]
[Black "Spacek, Marcel"]
[Result "0-1"]
[WhiteElo "1678"]
[BlackElo "1787"]
[PlyCount "72"]
[EventDate "2016.??.??"]

1. d4 Nf6 2. Nc3 d5 3. Bf4 a6 4. e3 Bf5 5. Be2 e6 6. a3 c5 7. Nf3 Nc6 8. Ne5
Qa5 9. Nxc6 bxc6 10. O-O cxd4 11. exd4 Be7 12. h3 O-O 13. Bd3 Bxd3 14. Qxd3 c5
15. dxc5 Qxc5 16. Ne2 Rac8 17. c3 Qb6 18. Qd2 Ne4 19. Qc2 Bc5 20. Bg3 a5 21. b4
Nxg3 22. Nxg3 Bd4 23. Ne2 Bf6 24. Qd2 h6 25. Rac1 Bg5 26. Nf4 Rc4 27. g3 Qd6
28. Rfd1 Bxf4 29. gxf4 Rxf4 30. c4 axb4 31. axb4 Qe5 32. cxd5 Qg5+ 33. Kh2 Qf5
34. Rf1 Rf3 35. Rce1 Rxh3+ 36. Kg2 Qf3+ 0-1

[Event "SR 3. liga A2 2016/2017"]
[Site "?"]
[Date "2017.02.19"]
[Round "9.1"]
[White "Ulehla, Jakub"]
[Black "Stefik, Miroslav"]
[Result "1-0"]
[WhiteElo "1635"]
[BlackElo "1618"]
[PlyCount "90"]
[EventDate "2016.??.??"]

1. e4 e5 2. Nf3 Nc6 3. Bb5 d6 4. c3 Bd7 5. O-O Nf6 6. Re1 Be7 7. h3 O-O 8. Ba4
h6 9. d3 Nh7 10. Bc2 Bf6 11. Nbd2 Ne7 12. Nf1 Ng6 13. d4 Qe7 14. Qd3 Ng5 15.
N1h2 a6 16. b3 Ne6 17. d5 Nef4 18. Qd1 Bg5 19. Nf1 Nxh3+ 20. gxh3 Bxc1 21. Rxc1
Bxh3 22. Ng3 Nf4 23. c4 Qf6 24. Re3 h5 25. Kh2 Bd7 26. Qh1 h4 27. Nf1 Bg4 28.
Bd1 h3 29. b4 g6 30. c5 Kg7 31. Rcc3 Rh8 32. cxd6 Rac8 33. Rxc7 Rxc7 34. dxc7
Ng2 35. Rd3 Qf4+ 36. Ng3 f5 37. Rc3 fxe4 38. Rc4 Bxf3 39. Bxf3 Qxf3 40. b5 Kf6
41. Nxe4+ Qxe4 42. Rxe4 Kf5 43. Rc4 g5 44. Qb1+ Kf6 45. d6 Ke6 1-0

[Event "SR 3. liga A2 2016/2017"]
[Site "?"]
[Date "2017.02.19"]
[Round "9.2"]
[White "Skreno, Vladimir"]
[Black "Horak, Ivan"]
[Result "1-0"]
[WhiteElo "2204"]
[BlackElo "2024"]
[PlyCount "109"]
[EventDate "2016.??.??"]

1. d4 d5 2. Nf3 Nf6 3. c4 e6 4. Bg5 c6 5. cxd5 exd5 6. Nc3 Be7 7. e3 Bf5 8. Be2
h6 9. Bxf6 Bxf6 10. Rc1 Nd7 11. b4 b5 12. a4 a6 13. a5 O-O 14. O-O Re8 15. Ne1
Be7 16. Bd3 Bxd3 17. Nxd3 Bd6 18. Ne2 Rc8 19. Rc2 Qe7 20. Qd2 Rc7 21. Rfc1 Rec8
22. Ng3 g6 23. Qe1 Qh4 24. Nf1 Qe4 25. Qd2 Kg7 26. f3 Qh4 27. Qe1 Qxe1 28. Rxe1
Re8 29. Nd2 f6 30. g3 Kf7 31. Kf2 Nf8 32. Nc5 Bxc5 33. Rxc5 Ne6 34. Rc3 Rec8
35. Nb3 f5 36. Nc1 Nf8 37. Nd3 Nd7 38. h4 Kf6 39. Rec1 g5 40. hxg5+ hxg5 41.
Rh1 Kg7 42. Rcc1 Rg8 43. Rh5 Kf6 44. Rh7 Rg7 45. Rh8 Ke7 46. Ra8 Rh7 47. Kg2
Rh6 48. Rh1 Rxh1 49. Kxh1 Kf6 50. Kg2 g4 51. Rxa6 Rc8 52. Ra7 Ke6 53. Rb7 Kd6
54. f4 Rh8 55. Ne5 1-0

[Event "SR 3. liga A2 2016/2017"]
[Site "?"]
[Date "2017.02.19"]
[Round "9.2"]
[White "Hirmajer, Jan"]
[Black "Bisco, Igor"]
[Result "1-0"]
[WhiteElo "1918"]
[BlackElo "2088"]
[PlyCount "107"]
[EventDate "2016.??.??"]

1. c4 Nf6 2. Nc3 g6 3. g3 Bg7 4. Bg2 O-O 5. Nf3 c5 6. O-O Nc6 7. d3 d6 8. Bg5
h6 9. Bf4 Kh7 10. Rb1 Re8 11. a3 e5 12. Bd2 Bd7 13. Nb5 Qe7 14. Nc7 Rac8 15.
Nxe8 Rxe8 16. Bc3 Nh5 17. Nd2 f5 18. e3 Rf8 19. b4 b6 20. b5 Nd8 21. Qa4 Bc8
22. Qc2 Ne6 23. Rbe1 Qd8 24. a4 Ng5 25. f4 Ne6 26. Nf3 Bb7 27. Ng5+ hxg5 28.
Bxb7 gxf4 29. exf4 Nd4 30. Bxd4 cxd4 31. Bf3 Qc7 32. Qe2 Qf7 33. Bd5 Qc7 34.
Bf3 Qf7 35. Bxh5 gxh5 36. Qf3 Qg6 37. Re2 Rf7 38. Rfe1 Re7 39. Kh1 Kh6 40. Qd5
Kh7 41. a5 bxa5 42. c5 dxc5 43. Qxc5 Re6 44. fxe5 Qg4 45. Qd5 f4 46. Qe4+ Qg6
47. Qxg6+ Kxg6 48. gxf4 Kf5 49. Re4 a4 50. Rxd4 a3 51. Ra4 Bf8 52. d4 Rb6 53.
d5 Rxb5 54. d6 1-0

[Event "SR 3. liga A2 2016/2017"]
[Site "?"]
[Date "2017.02.19"]
[Round "9.2"]
[White "Malar, Pavol"]
[Black "Sefcik, Marek St"]
[Result "1-0"]
[WhiteElo "2096"]
[BlackElo "2016"]
[PlyCount "55"]
[EventDate "2016.??.??"]

1. e4 b6 2. Nc3 Bb7 3. Bc4 e6 4. Qe2 Nf6 5. d3 d5 6. Bb5+ c6 7. Ba4 Bb4 8. Bd2
d4 9. Nb1 Bxd2+ 10. Nxd2 Na6 11. e5 Nd7 12. Nc4 O-O 13. Nd6 Qc7 14. f4 Nac5 15.
Bb3 Nxb3 16. axb3 c5 17. Nf3 Bd5 18. O-O Qc6 19. Nd2 f6 20. c4 dxc3 21. bxc3
fxe5 22. fxe5 Qc7 23. c4 Bc6 24. Qg4 Nxe5 25. Qxe6+ Kh8 26. Qxe5 Rad8 27. Rxf8+
Rxf8 28. Rf1 1-0

[Event "SR 3. liga A2 2016/2017"]
[Site "?"]
[Date "2017.02.19"]
[Round "9.2"]
[White "Jakubec, Milan"]
[Black "Lahucky, Pavol"]
[Result "1-0"]
[WhiteElo "2041"]
[BlackElo "2061"]
[PlyCount "79"]
[EventDate "2016.??.??"]

1. e4 e5 2. Nf3 Nc6 3. Bc4 d6 4. c3 Na5 5. Bb5+ c6 6. Ba4 b5 7. Bc2 Bg4 8. h3
Bh5 9. d4 Bxf3 10. Qxf3 Qf6 11. Qxf6 Nxf6 12. a4 bxa4 13. Bxa4 Kd7 14. d5 Kc7
15. b4 Nb7 16. Bxc6 Be7 17. f3 Nh5 18. Be3 Bh4+ 19. Kd2 Ng3 20. Rc1 a6 21. Na3
f5 22. Kd3 fxe4+ 23. fxe4 Rhf8 24. Nc4 Rf6 25. Bb6+ Kb8 26. Na5 Nxa5 27. bxa5
Rf4 28. Rab1 Kc8 29. Bxa8 Rxe4 30. Bf2 Ra4 31. Bxg3 Bxg3 32. Ra1 Rh4 33. Rf1
e4+ 34. Ke2 Be5 35. Rf8+ Kd7 36. Bc6+ Ke7 37. Re8+ Kf7 38. Rxe5 dxe5 39. d6 Rh6
40. Rd1 1-0

[Event "SR 3. liga A2 2016/2017"]
[Site "?"]
[Date "2017.02.19"]
[Round "9.2"]
[White "Slamena, Michal"]
[Black "Husek, Lubomir"]
[Result "1-0"]
[WhiteElo "1988"]
[BlackElo "1843"]
[PlyCount "57"]
[EventDate "2016.??.??"]

1. e4 c5 2. Nf3 d6 3. d4 cxd4 4. Nxd4 Nf6 5. Nc3 Nc6 6. f3 Bd7 7. Be3 g6 8. Qd2
h5 9. Bc4 Bg7 10. Bb3 a6 11. O-O-O Rc8 12. Nxc6 Bxc6 13. e5 Nh7 14. exd6 exd6
15. Qxd6 Qxd6 16. Rxd6 O-O 17. Rxg6 Kh8 18. Rd6 Kg8 19. Nd5 Rfe8 20. Bd2 Re2
21. Re1 Rce8 22. Rxe2 Rxe2 23. Rd8+ Be8 24. Nf4 Re7 25. Bb4 Re5 26. Bd6 Re3 27.
Kd2 Bd4 28. Nd5 Re6 29. Ne7+ 1-0

[Event "SR 3. liga A2 2016/2017"]
[Site "?"]
[Date "2017.02.19"]
[Round "9.2"]
[White "Kahanek, Jaroslav"]
[Black "Gajarsky, Roman"]
[Result "0-1"]
[WhiteElo "1838"]
[BlackElo "1775"]
[PlyCount "66"]
[EventDate "2016.??.??"]

1. d4 f5 2. Nc3 d5 3. Bf4 c6 4. a3 Nf6 5. e3 g6 6. Nf3 Bg7 7. Be2 Nbd7 8. Ne5
Nxe5 9. Bxe5 O-O 10. f4 Qb6 11. b4 Ng4 12. Bxg4 fxg4 13. O-O Bxe5 14. fxe5
Rxf1+ 15. Qxf1 Bf5 16. Qe2 a5 17. Rb1 axb4 18. Rxb4 Qc7 19. Rb3 e6 20. e4 dxe4
21. Nxe4 b5 22. Nf6+ Kg7 23. Qd2 Rd8 24. Qe2 Qa7 25. c3 Qa4 26. Qb2 Qc4 27. Rb4
Qd3 28. Kf2 Qd1 29. a4 Bd3 30. axb5 cxb5 31. Kg3 h5 32. h4 Bc2 33. Rxb5 Qe1+
0-1

[Event "SR 3. liga A2 2016/2017"]
[Site "?"]
[Date "2017.02.19"]
[Round "9.2"]
[White "Barca, Michal"]
[Black "Hrubos, Milan"]
[Result "1/2-1/2"]
[WhiteElo "1767"]
[BlackElo "1800"]
[PlyCount "109"]
[EventDate "2016.??.??"]

1. c4 e5 2. Nc3 Nf6 3. Nf3 Nc6 4. g3 g6 5. Bg2 Bg7 6. O-O O-O 7. d4 d6 8. Bg5
Qe8 9. Nb5 Qe7 10. Nc3 Qe8 11. Nb5 Qe7 12. d5 Nd8 13. c5 a6 14. cxd6 cxd6 15.
Na3 b5 16. Qd2 Nb7 17. b4 Bf5 18. Rac1 Rfc8 19. Rxc8+ Rxc8 20. Rc1 Qd7 21. Rc6
Ne4 22. Qc1 Nxg5 23. Nxg5 h6 24. Ne4 Nd8 25. Rxc8 Qxc8 26. Qxc8 Bxc8 27. Nxd6
Bd7 28. Nc2 f5 29. f4 exf4 30. gxf4 Bf8 31. Nxf5 gxf5 32. Bh3 Bd6 33. e3 Kg7
34. Kg2 Kf6 35. Kg3 Be8 36. a3 Bf7 37. Bg2 Nb7 38. Nd4 Bc7 39. Nb3 Nd6 40. Nc5
a5 41. bxa5 Bxa5 42. Kf2 Bc3 43. a4 bxa4 44. Nxa4 Bb4 45. Ke2 Be8 46. Nb2 Bb5+
47. Kf3 Bd2 48. Bh3 Bc1 49. Nd1 Bc4 50. Nc3 Bb2 51. e4 fxe4+ 52. Nxe4+ Ke7 53.
Be6 Nxe4 54. Kxe4 Kd6 55. Kf5 1/2-1/2

[Event "SR 3. liga A2 2016/2017"]
[Site "?"]
[Date "2017.02.19"]
[Round "9.2"]
[White "Vach, Jozef"]
[Black "Janas, Peter"]
[Result "0-1"]
[WhiteElo "1706"]
[BlackElo "1678"]
[PlyCount "42"]
[EventDate "2016.??.??"]

1. d4 Nf6 2. c4 d5 3. Nc3 c6 4. Nf3 e6 5. e3 Bd6 6. c5 Bc7 7. b4 O-O 8. Bd3
Nbd7 9. O-O Re8 10. Bd2 e5 11. dxe5 Nxe5 12. Nxe5 Rxe5 13. Ne2 Rh5 14. Ng3 Rxh2
15. Be2 Ne4 16. Kxh2 Qh4+ 17. Kg1 Nxg3 18. f4 Qh1+ 19. Kf2 Ne4+ 20. Kf3 Qh5+
21. g4 Qh3# 0-1

[Event "SR 3. liga A2 2016/2017"]
[Site "?"]
[Date "2017.02.19"]
[Round "9.3"]
[White "Takacs, Laszlo"]
[Black "Stanec, Stanislav"]
[Result "1/2-1/2"]
[WhiteElo "2208"]
[BlackElo "2075"]
[PlyCount "112"]
[EventDate "2016.??.??"]

1. e4 c6 2. d4 d5 3. e5 e6 4. c3 c5 5. Bd3 Nc6 6. Nf3 Nge7 7. O-O Bd7 8. Re1
cxd4 9. cxd4 Qb6 10. Bc2 Ng6 11. a3 Be7 12. Nc3 O-O 13. Na4 Qc7 14. Be3 b5 15.
Nc3 Na5 16. Bg5 Qd8 17. Bxe7 Qxe7 18. Qd3 Nc4 19. Rab1 Rfc8 20. Ne2 b4 21. a4
Rc7 22. h4 Rac8 23. Rec1 Nf8 24. Ng5 h6 25. Nf3 Qd8 26. Ne1 b3 27. Bxb3 Nxb2
28. Rxb2 Rxc1 29. Nxc1 Rxc1 30. Qd2 Ra1 31. Ra2 Rxa2 32. Qxa2 Qc8 33. Qb2 Ng6
34. g3 Ne7 35. Nd3 a5 36. Nc5 Nc6 37. Qc3 Nb4 38. Bd1 Qd8 39. Kg2 Bc6 40. g4
Qe7 41. Kg3 Qa7 42. Be2 Qb6 43. Qd2 Be8 44. h5 Qc7 45. Bb5 Bc6 46. g5 hxg5 47.
Qxg5 Kh7 48. Qd2 Qb6 49. Bd3+ Nxd3 50. Qxd3+ Kg8 51. Qd2 Kh7 52. Kg2 Be8 53.
Qg5 Qb4 54. h6 gxh6 55. Qe7 Qxd4 56. Qxe8 Qg4+ 1/2-1/2

[Event "SR 3. liga A2 2016/2017"]
[Site "?"]
[Date "2017.02.19"]
[Round "9.2"]
[White "Hudacek, Josef"]
[Black "Cibulka, Vladimir"]
[Result "1/2-1/2"]
[WhiteElo "2056"]
[BlackElo "2171"]
[PlyCount "120"]
[EventDate "2016.??.??"]

1. e4 e6 2. d3 d5 3. Nd2 Nf6 4. g3 dxe4 5. dxe4 Nc6 6. Ngf3 Bc5 7. Bg2 e5 8.
O-O O-O 9. h3 Re8 10. c3 a5 11. Qc2 Qe7 12. Nc4 h6 13. Ne3 Be6 14. Nh4 Rad8 15.
a3 Bxe3 16. Bxe3 Bc4 17. Rfd1 Qe6 18. Rxd8 Rxd8 19. Rd1 Bb3 20. Rxd8+ Nxd8 21.
Qd2 Nc6 22. Nf5 Ne8 23. Bf1 Nd6 24. Nxd6 cxd6 25. Qd3 d5 26. exd5 Qxd5 27. Qxd5
Bxd5 28. Bb5 Bb3 29. Kf1 f5 30. Ke2 Kf7 31. Bc5 g5 32. Ke3 Ke6 33. Be2 Ne7 34.
c4 a4 35. Kd3 e4+ 36. Kc3 Ng8 37. Kd4 Nf6 38. Bf8 h5 39. Bh6 g4 40. h4 Nd7 41.
Bf4 Bc2 42. Bc7 b6 43. Kc3 Bb3 44. Kb4 Nc5 45. Bxb6 Nd3+ 46. Kc3 Kd6 47. Bd4
Nc5 48. Kd2 Ne6 49. Ke3 Kc6 50. Bc3 Kc5 51. Bb4+ Kc6 52. Be7 Kd7 53. Bf6 Kd6
54. Bd4 Kc6 55. Ba7 Kb7 56. Bd4 Kc6 57. Bf6 Kc5 58. Be7+ Kc6 59. c5 Kd5 60. Bb5
Nxc5 1/2-1/2

[Event "SR 3. liga A2 2016/2017"]
[Site "?"]
[Date "2017.02.19"]
[Round "9.3"]
[White "Merva, Frantisek"]
[Black "Vogl, Zdenek"]
[Result "0-1"]
[WhiteElo "2107"]
[BlackElo "1915"]
[PlyCount "64"]
[EventDate "2016.??.??"]

1. d4 Nf6 2. c4 e6 3. Nc3 Bb4 4. e3 b6 5. Nge2 Bb7 6. f3 O-O 7. e4 d5 8. cxd5
exd5 9. e5 Nfd7 10. a3 Bxc3+ 11. bxc3 c5 12. Be3 Nc6 13. Ng3 Ne7 14. Bd3 cxd4
15. cxd4 Re8 16. O-O Rc8 17. f4 Nf8 18. Nh5 Rc3 19. Rf3 Bc8 20. Rg3 Nfg6 21.
Bd2 Rc7 22. Qb1 Nc6 23. Be3 Qh4 24. Qd1 Nce7 25. Rg5 Rc3 26. Bf2 Rxd3 27. Qxd3
Nxf4 28. Rxg7+ Kf8 29. Nxf4 Qxf4 30. Qxh7 Nc6 31. Rf1 Nxd4 32. Bh4 Ne2+ 0-1

[Event "SR 3. liga A2 2016/2017"]
[Site "?"]
[Date "2017.02.19"]
[Round "9.3"]
[White "Harastova, Viera"]
[Black "Matis, Tibor ml"]
[Result "0-1"]
[WhiteElo "1861"]
[BlackElo "1842"]
[PlyCount "74"]
[EventDate "2016.??.??"]

1. d4 Nf6 2. c4 c5 3. Nf3 e6 4. Bg5 g6 5. e3 Bg7 6. Nc3 a6 7. Be2 O-O 8. O-O
cxd4 9. Nxd4 Qc7 10. Rc1 d6 11. Qb3 Nc6 12. Nxc6 bxc6 13. Qc2 c5 14. Bf3 Rb8
15. b3 Bb7 16. Bxb7 Rxb7 17. Rfd1 Rd8 18. Ne4 Qe7 19. Nxf6+ Bxf6 20. Bxf6 Qxf6
21. Qe4 Rc7 22. g3 Qg5 23. Rd2 d5 24. Qf3 d4 25. Rcd1 Rcd7 26. exd4 Rxd4 27.
Rxd4 Rxd4 28. Rxd4 cxd4 29. Qd3 Qc1+ 30. Kg2 Qc3 31. Qf3 d3 32. Qe3 Qc2 33. Qd4
Qe2 34. Qd8+ Kg7 35. Qd4+ e5 36. Qe3 Qxe3 37. fxe3 d2 0-1

[Event "SR 3. liga A2 2016/2017"]
[Site "?"]
[Date "2017.02.19"]
[Round "9.3"]
[White "Kahancova, Jana"]
[Black "Hrubsa, Marian"]
[Result "0-1"]
[WhiteElo "1647"]
[BlackElo "1900"]
[PlyCount "118"]
[EventDate "2016.??.??"]

1. d4 d5 2. Nf3 e6 3. Bf4 c5 4. c3 Nc6 5. e3 cxd4 6. exd4 Nf6 7. Nbd2 Be7 8. h3
Bd7 9. Bd3 Rc8 10. Qe2 a6 11. O-O Nh5 12. Bh2 Nf6 13. Rfe1 O-O 14. Kh1 Na7 15.
Ne5 Bb5 16. Bxb5 Nxb5 17. Nb3 Ne4 18. f3 Nf6 19. Nd3 Nd7 20. Nf4 Nc7 21. Nd2
Bg5 22. Qf2 Qf6 23. Nd3 Qg6 24. Ne5 Nxe5 25. Rxe5 Bf6 26. Re2 Nb5 27. Be5 Kh8
28. a4 Na7 29. Nb3 b6 30. a5 b5 31. Nc5 Bxe5 32. Rxe5 Rc6 33. b4 Nc8 34. Rc1
Nd6 35. Kh2 Nc4 36. Re2 Rfc8 37. Qh4 Qf5 38. Qg4 Qf6 39. Qg3 Qh6 40. f4 Nd6 41.
Qg5 Qxg5 42. fxg5 Ne4 43. h4 h6 44. gxh6 gxh6 45. Re3 f5 46. Rf1 Rg8 47. Rf4 h5
48. g3 Kh7 49. Nxe6 Rxe6 50. Rxf5 Kg6 51. Rxd5 Rf8 52. Re5 Rxe5 53. dxe5 Nf2
54. Kg2 Ng4 55. Re2 Re8 56. Rd2 Re6 57. Rd6 Kf5 58. Rb6 Nxe5 59. Kf2 Nc4 0-1

[Event "SR 3. liga A2 2016/2017"]
[Site "?"]
[Date "2017.02.19"]
[Round "9.3"]
[White "Planka, Peter"]
[Black "Mezes, Kristof"]
[Result "1/2-1/2"]
[WhiteElo "1816"]
[BlackElo "1458"]
[PlyCount "96"]
[EventDate "2016.??.??"]

1. e4 e6 2. d4 d5 3. Nd2 Nf6 4. e5 Nfd7 5. Bd3 c5 6. c3 Nc6 7. Ne2 Qb6 8. Nf3
Be7 9. O-O O-O 10. Qc2 f5 11. exf6 Nxf6 12. Qd1 Bd7 13. Ng3 g6 14. Bh6 Rfe8 15.
Ng5 cxd4 16. Bxg6 hxg6 17. Qd3 Ne5 18. Qb1 dxc3 19. Nf3 Nxf3+ 20. gxf3 Kf7 21.
bxc3 Qxb1 22. Raxb1 b6 23. Rfd1 Rac8 24. Bd2 Bc5 25. Rbc1 Rc7 26. Re1 Bd6 27.
Kg2 Ba3 28. Rb1 b5 29. Ne2 Rb8 30. Nd4 a5 31. Bf4 Rcb7 32. Bxb8 Rxb8 33. Rb3
Bd6 34. Nxb5 Rxb5 35. Reb1 Rxb3 36. axb3 Nh5 37. Ra1 Nf4+ 38. Kf1 Bb5+ 39. Ke1
Nd3+ 40. Kd2 Bf4+ 41. Kc2 Bc7 42. Ra3 Nxf2 43. h4 Bd3+ 44. Kd2 Bb5 45. Ra1 Bf4+
46. Kc2 Bc7 47. Kd2 Bf4+ 48. Kc2 Bc7 1/2-1/2

[Event "SR 3. liga A2 2016/2017"]
[Site "?"]
[Date "2017.02.19"]
[Round "9.3"]
[White "Olle, Akos"]
[Black "Bartos, Bohumil"]
[Result "0-1"]
[WhiteElo "1290"]
[BlackElo "1612"]
[PlyCount "94"]
[EventDate "2016.??.??"]

1. e4 c6 2. d4 d5 3. Nc3 dxe4 4. Nxe4 Bf5 5. Nc3 e6 6. Nf3 Bb4 7. a3 Bxc3+ 8.
bxc3 Nf6 9. Bg5 h6 10. Bh4 g5 11. Bg3 Qa5 12. Be5 Qxc3+ 13. Nd2 Nbd7 14. f3
Nxe5 15. dxe5 Qxe5+ 16. Be2 Rd8 17. Qb1 Qc3 18. Qc1 Qxc2 19. Qxc2 Bxc2 20. Ra2
Bd3 21. Bxd3 Rxd3 22. Ke2 Rd7 23. Rd1 Ke7 24. Ne4 Rxd1 25. Kxd1 Rd8+ 26. Ke2
Nxe4 27. fxe4 Kf6 28. Rb2 b6 29. Ke3 Ke5 30. Rf2 f6 31. g3 Rd4 32. g4 Rxe4+ 33.
Kd3 Rd4+ 34. Ke3 Rxg4 35. h3 Rg3+ 36. Kd2 Rxa3 37. Re2+ Kd5 38. Ke1 Ra4 39.
Rd2+ Rd4 40. Rf2 f5 41. Ra2 a5 42. Rb2 b5 43. Ra2 a4 44. Ra3 e5 45. h4 g4 46.
h5 f4 47. Rxa4 bxa4 0-1